000
00214 a2200097 4500
001
13806
100
_a
Schenkmon E
245
_a
Group Theory
260
_a
New York
_b
Van Nostrand Reinhold
_c
090
_c
10789
_d
10789
942
_a
NUST-CAE
_c
M
_c
879
999
_c
248879
_d
248879